000 00464nam a2200181Ia 4500
008 151202s9999||||xx |||||||||||||| ||und||
082 _bPNVM-18360
100 _aSWINSON CYRIL.
245 _aTWENTY ADVENTURE STORIES.
260 _bADAM & C. BLACK EDINBURGH.
260 _c0
300 _a184
600 _aSWINSON CYRIL.
630 _aTWENTY ADVENTURE STORIES.
700 _aSWINSON CYRIL.
730 _aTWENTY ADVENTURE STORIES.
942 _cBOOK
999 _c1284344
_d1284341